Định hướng giá trị con người Việt Nam thời kỳ đổi mới và hội nhập : Sách chuyên khảo

Nội dung sách giới thiệu tổng quan tình hình nghiên cứu giá trị và định hướng giá trị. Điều tra, khảo sát định hướng giá trị con người Việt Nam trong thời kỳ đổi mới và hội nhập.

محفوظ في:
التفاصيل البيبلوغرافية
المؤلف الرئيسي: Phạm, Minh Hạc
التنسيق: كتاب
اللغة:Undetermined
منشور في: Hà Nội Chính trị Quốc gia - Sự thật 2015
الموضوعات:
الوسوم: إضافة وسم
لا توجد وسوم, كن أول من يضع وسما على هذه التسجيلة!
Thư viện lưu trữ: Trung tâm Học liệu Trường Đại học Cần Thơ
LEADER 01147nam a2200229Ia 4500
001 CTU_207110
008 210402s9999 xx 000 0 und d
020 |c 71000 
082 |a 301.09597 
082 |b H101 
100 |a Phạm, Minh Hạc 
245 0 |a Định hướng giá trị con người Việt Nam thời kỳ đổi mới và hội nhập : 
245 0 |b Sách chuyên khảo 
245 0 |c Đinh Minh Hạc (chủ biên) 
260 |a Hà Nội 
260 |b Chính trị Quốc gia - Sự thật 
260 |c 2015 
520 |a Nội dung sách giới thiệu tổng quan tình hình nghiên cứu giá trị và định hướng giá trị. Điều tra, khảo sát định hướng giá trị con người Việt Nam trong thời kỳ đổi mới và hội nhập. 
650 |a Anthropology research and developments,Anthropology,Nghiên cứu nhân chủng học và phát triển,Nhân chủng học 
650 |x Social aspects,Khía cạnh xã hội 
904 |i Qhieu 
980 |a Trung tâm Học liệu Trường Đại học Cần Thơ